[Event "34. Kieler Open 2022"]
[Site "Kiel"]
[Date "2022.08.04"]
[Round "8.39"]
[White "Wartenberg, Alissa"]
[Black "Peglau, Markus"]
[Result "1-0"]
[WhiteElo "1632"]
[BlackElo "1843"]
[PlyCount "51"]
[EventDate "2022.??.??"]

1. e4 d6 2. d4 Nd7 3. Nc3 e5 4. Nf3 Be7 5. Be3 Ngf6 6. h3 a6 7. Qe2 exd4 8.
Nxd4 Nc5 9. f3 Bd7 10. O-O-O b5 11. Nf5 Bxf5 12. Bxc5 Bd7 13. e5 Nh5 14. exd6
Ng3 15. Qe1 cxd6 16. Bxd6 Nxh1 17. Nd5 Be6 18. Nc7+ Kf8 19. Bxe7+ Qxe7 20. Nxa8
g6 21. Qc3 f6 {=} 22. Re1 Qf7 23. Qc5+ Kg7 24. Nc7 Rc8 25. Nxe6+ Qxe6 26. Qa7+
1-0

[Event "34. Kieler Open 2022"]
[Site "Kiel"]
[Date "2022.08.04"]
[Round "8.40"]
[White "Malinowsky, Lars"]
[Black "Guetschow, Christian"]
[Result "0-1"]
[WhiteElo "1525"]
[BlackElo "1791"]
[PlyCount "100"]
[EventDate "2022.??.??"]

1. e4 e6 2. Nf3 d5 3. exd5 exd5 4. d4 Bg4 5. h3 Bh5 6. Be2 Bd6 7. Nc3 c6 8. Be3
Nf6 9. Qd2 Nbd7 10. Nh4 Bxe2 11. Qxe2 O-O 12. Nf3 Re8 13. O-O-O b5 14. Qd3 Ne4
15. Nd2 f5 16. Ncxe4 fxe4 17. Qe2 Qa5 18. Kb1 Nb6 19. Nb3 Qa6 20. Nc5 Bxc5 21.
dxc5 Nc4 22. Bd4 Qb7 23. Qg4 a5 24. h4 a4 25. h5 Ne5 26. Qg5 Qe7 27. Qg3 {=} b4
28. Rde1 Nd7 29. h6 g6 30. f4 Rf8 31. Rh5 Qe6 32. Rf1 Rf5 33. Rfh1 Raf8 34. Qg4
Nf6 35. Bxf6 Qxf6 36. Rxf5 Qxf5 37. Qxf5 Rxf5 38. g3 Kf7 39. a3 bxa3 40. b3
axb3 41. cxb3 d4 42. b4 Ke6 43. Ka2 Kd5 44. Kxa3 e3 45. Kb3 d3 46. Kc3 Ke4 47.
Rf1 d2 48. g4 Rxf4 49. Rxf4+ Kxf4 50. Kc2 Kf3 0-1

[Event "34. Kieler Open 2022"]
[Site "Kiel"]
[Date "2022.08.05"]
[Round "9.1"]
[White "Legky, Nikolay A"]
[Black "Boehme, Sebastian"]
[Result "1-0"]
[WhiteElo "2374"]
[BlackElo "2168"]
[PlyCount "78"]
[EventDate "2022.07.??"]
[EventType "swiss"]
[EventRounds "9"]
[EventCountry "GER"]

1. d4 Nf6 2. Nf3 e6 3. e3 b6 4. Bd3 Bb7 5. O-O Ne4 6. c4 Be7 7. Nbd2 Nxd2 8.
Bxd2 d6 9. e4 Nd7 10. b4 O-O 11. Qc2 c5 12. bxc5 bxc5 13. Rab1 Qc8 14. d5 Ne5
15. Nxe5 dxe5 16. Qb2 Ba6 17. Qxe5 Bf6 18. Qg3 Bd4 19. Rb3 Qd7 20. Ra3 Bb7 21.
Rb1 f5 22. dxe6 Qxe6 23. exf5 Qc6 24. Bc3 Rad8 25. Bxd4 Rxd4 26. Rab3 h5 27.
Rxb7 Rg4 28. Qh3 Rd8 29. Bf1 Qh6 30. Qe3 Qh7 31. Qe6+ Kh8 32. Rb8 Rgd4 33.
Rxd8+ Rxd8 34. Rb7 h4 35. f6 Rg8 36. fxg7+ Rxg7 37. Rb8+ Rg8 38. Rxg8+ Qxg8 39.
Qxg8+ Kxg8 1-0

[Event "34. Kieler Open 2022"]
[Site "Kiel"]
[Date "2022.08.05"]
[Round "9.2"]
[White "Farokhi, Keyvan"]
[Black "Doll, Alexander"]
[Result "0-1"]
[WhiteElo "2332"]
[BlackElo "2180"]
[PlyCount "54"]
[EventDate "2022.07.??"]
[EventType "swiss"]
[EventRounds "9"]
[EventCountry "GER"]

1. d4 Nf6 2. c4 e6 3. Nf3 d5 4. g3 Bb4+ 5. Nc3 O-O 6. Bg2 Ne4 7. Qb3 Bxc3+ 8.
bxc3 c6 9. O-O Qa5 10. Ng5 Nxg5 11. cxd5 h6 12. f4 Nh7 13. dxe6 Bxe6 14. Qxb7
Qxc3 15. f5 Bd5 16. Bxd5 cxd5 17. Qxa8 Qxa1 18. Qxd5 Nf6 19. Qc4 Rd8 20. Bf4
Qb2 21. Rc1 Nbd7 22. e3 Nb6 23. Qc2 Qb5 24. Qb3 Qxf5 25. Rc5 Nbd5 26. Qb7 Qe4
27. Qxa7 Nxf4 0-1

[Event "34. Kieler Open 2022"]
[Site "Kiel"]
[Date "2022.08.05"]
[Round "9.3"]
[White "Arndt, Magnus"]
[Black "Popvasilev, Kaloyan"]
[Result "1/2-1/2"]
[WhiteElo "2359"]
[BlackElo "2208"]
[PlyCount "51"]
[EventDate "2022.07.??"]
[EventType "swiss"]
[EventRounds "9"]
[EventCountry "GER"]

1. e4 c5 2. Nf3 e6 3. g3 Nc6 4. Bg2 Nf6 5. Nc3 d5 6. exd5 exd5 7. d4 Bg4 8. h3
Bxf3 9. Qxf3 Nxd4 10. Qd3 Be7 11. O-O O-O 12. Bg5 Ne6 13. Bxf6 Bxf6 14. Nxd5
Rb8 15. Rad1 Bxb2 16. c3 b5 17. Qc2 Ba3 18. Qb3 b4 19. Qa4 Qg5 20. Qxa7 Bb2 21.
cxb4 cxb4 22. Ne7+ Kh8 23. Rd5 Qf6 24. Nc6 Ra8 25. Qb7 Bc3 26. Ra5 1/2-1/2

[Event "34. Kieler Open 2022"]
[Site "Kiel"]
[Date "2022.08.05"]
[Round "9.5"]
[White "Browning, Alex"]
[Black "Dittrich, Gunnar"]
[Result "1-0"]
[WhiteElo "2294"]
[BlackElo "1994"]
[PlyCount "83"]
[EventDate "2022.07.??"]
[EventType "swiss"]
[EventRounds "9"]
[EventCountry "GER"]

1. e4 d5 2. exd5 Qxd5 3. Nc3 Qa5 4. d4 Nf6 5. Bd2 c6 6. Bc4 Bf5 7. Qe2 Qc7 8.
Nf3 e6 9. O-O-O b5 10. Bd3 Bxd3 11. Qxd3 Nbd7 12. Rhe1 Be7 13. Ne5 b4 14. Ne4
Nxe5 15. Nxf6+ Bxf6 16. dxe5 Be7 17. Qg3 g6 18. Bh6 Rd8 19. Rxd8+ Kxd8 20. Bd2
Qa5 21. Kb1 Qd5 22. Qf4 g5 23. Qe3 c5 24. Bc1 Kc7 25. f4 g4 26. Qg3 h5 27. Rf1
Qe4 28. Re1 Qd5 29. Qf2 h4 30. Qf1 h3 31. gxh3 Rxh3 32. Rd1 Rf3 33. Qe2 Qc6 34.
Rg1 c4 35. Rxg4 b3 36. axb3 cxb3 37. cxb3 Rxb3 38. Rg7 Rb5 39. Rxf7 Kd8 40. Rg7
Rc5 41. Rg1 Qa4 42. Qd1+ 1-0

[Event "34. Kieler Open 2022"]
[Site "Kiel"]
[Date "2022.08.05"]
[Round "9.6"]
[White "Ruhland, Cliff"]
[Black "Doll, Stefan"]
[Result "0-1"]
[WhiteElo "1997"]
[BlackElo "2134"]
[PlyCount "97"]
[EventDate "2022.07.??"]
[EventType "swiss"]
[EventRounds "9"]
[EventCountry "GER"]

1. e4 e5 2. Nf3 Nc6 3. d4 exd4 4. Nxd4 Nf6 5. Nxc6 bxc6 6. e5 Qe7 7. Qe2 Nd5 8.
g3 g6 9. c4 Ba6 10. b3 Bg7 11. Bb2 O-O 12. Bg2 Rae8 13. O-O Bxe5 14. Bxe5 Qxe5
15. Qxe5 Rxe5 16. cxd5 Bxf1 17. Kxf1 cxd5 18. Nc3 c6 19. Na4 Rb8 20. Nc5 Re7
21. Rc1 Rb4 22. Bf3 Rd4 23. Rc2 Kf8 24. Be2 Rb4 25. a3 Rb6 26. b4 Ke8 27. Nb3
Kd8 28. h4 Kc7 29. Bd3 Kd6 30. Rc5 Re8 31. Ra5 Ra8 32. h5 Kc7 33. Nd4 d6 34.
Nf3 Kb7 35. Ng5 Rc8 36. Nxf7 c5 37. h6 c4 38. Bxg6 hxg6 39. Rxd5 Kc6 40. Rxd6+
Kb5 41. Rxb6+ axb6 42. Ke1 Ka4 43. Kd1 Kb3 44. Kc1 c3 45. f4 Ra8 46. h7 Rxa3
47. Kd1 Ra1+ 48. Ke2 Ra2+ 49. Kd3 0-1

[Event "34. Kieler Open 2022"]
[Site "Kiel"]
[Date "2022.08.05"]
[Round "9.7"]
[White "Doll, Rebecca"]
[Black "Wunder, Niklas"]
[Result "1-0"]
[WhiteElo "1933"]
[BlackElo "2079"]
[PlyCount "57"]
[EventDate "2022.07.??"]
[EventType "swiss"]
[EventRounds "9"]
[EventCountry "GER"]

1. e4 c6 2. d4 d5 3. Nd2 dxe4 4. Nxe4 Nf6 5. Nxf6+ exf6 6. Bc4 Bd6 7. Qe2+ Be7
8. Nf3 O-O 9. O-O Bd6 10. Re1 a5 11. c3 Na6 12. Bb3 Nc7 13. Qd3 Bg4 14. Nh4 Re8
15. Bd2 Qd7 16. h3 Bh5 17. f4 Nd5 18. Bxd5 cxd5 19. g4 Bxg4 20. hxg4 Qxg4+ 21.
Ng2 h5 22. Qb5 Rxe1+ 23. Rxe1 h4 24. Qe2 Qg6 25. Qf3 Qc2 26. Bc1 g5 27. Qg4 Qg6
28. fxg5 Bg3 29. Nxh4 1-0

[Event "34. Kieler Open 2022"]
[Site "Kiel"]
[Date "2022.08.05"]
[Round "9.8"]
[White "Petrashov, Alexander"]
[Black "Rieper, Julian"]
[Result "1/2-1/2"]
[WhiteElo "2029"]
[BlackElo "2132"]
[PlyCount "110"]
[EventDate "2022.07.??"]
[EventType "swiss"]
[EventRounds "9"]
[EventCountry "GER"]

1. d4 Nf6 2. c4 e6 3. Nf3 b6 4. Nc3 Bb4 5. Bd2 Bb7 6. a3 Bxc3 7. Bxc3 Ne4 8.
Qc2 d6 9. e3 Nxc3 10. Qxc3 Nd7 11. Bd3 Qe7 12. e4 e5 13. d5 O-O 14. O-O Nf6 15.
b4 Nh5 16. Kh1 Bc8 {(=)} 17. Rfc1 Nf4 18. Bf1 f5 19. Nd2 fxe4 20. Nxe4 Bf5 21.
Qe3 Kh8 22. Ng3 Bg6 23. Ra2 a5 24. Qb3 Qg5 25. Rc3 h5 26. Ne2 Nd3 27. Rxd3 Bxd3
28. Qxd3 Rxf2 29. Kg1 Qf6 30. Ra1 axb4 31. Ng3 Rxa3 32. Rxa3 bxa3 33. Qxa3 e4
34. Qa8+ Kh7 35. Qe8 g6 36. Qe6 Rxf1+ 37. Nxf1 Qd4+ 38. Kh1 Qf2 39. Qe7+ Kh6
40. h4 Qxf1+ 41. Kh2 Qf4+ 42. g3 Qf2+ 43. Kh1 Qf5 44. Kg2 b5 45. cxb5 Qxd5 46.
Qf8+ Kh7 47. Qe7+ Kh8 48. Qd8+ Qg8 49. Qxc7 Qa2+ 50. Kh3 Qe6+ 51. Kg2 e3 52. b6
e2 53. b7 Qd5+ 54. Kh2 Qxb7 55. Qxb7 e1=Q 1/2-1/2

[Event "34. Kieler Open 2022"]
[Site "Kiel"]
[Date "2022.08.05"]
[Round "9.9"]
[White "Basey, Matthew"]
[Black "Saglam, Buelent"]
[Result "0-1"]
[WhiteElo "1991"]
[BlackElo "2120"]
[PlyCount "82"]
[EventDate "2022.07.??"]
[EventType "swiss"]
[EventRounds "9"]
[EventCountry "GER"]

1. e4 c5 2. Nf3 Nc6 3. b3 e5 4. Bb2 d6 5. Bb5 Nf6 6. Bxc6+ bxc6 7. d3 g6 8.
Nbd2 Qa5 9. O-O Bg7 10. Qe1 O-O 11. Nc4 Qc7 12. Qa5 Qe7 13. Ba3 Nh5 14. b4 cxb4
15. Qxb4 c5 16. Qd2 f5 17. Ne1 fxe4 18. dxe4 Ba6 19. Qd5+ Qf7 20. Nxd6 Qxd5 21.
exd5 Rfd8 22. Bxc5 Bxf1 23. Kxf1 Bf8 24. Ne4 Bxc5 25. Nxc5 Rxd5 26. Nb3 Rad8
27. Ke2 Nf4+ 28. Ke3 Rd1 29. Nd3 Rxa1 30. Nxa1 Nxg2+ 31. Ke4 Ne1 32. Nxe1 Rd1
33. Nd3 Rxa1 34. c4 Rxa2 35. c5 Re2+ 36. Kd5 Rd2 37. Ke4 Re2+ 38. Kd5 e4 39.
Ne5 Rxf2 40. c6 e3 41. Nd7 Rd2+ 0-1

[Event "34. Kieler Open 2022"]
[Site "Kiel"]
[Date "2022.08.05"]
[Round "9.10"]
[White "Braeutigam, Alexander"]
[Black "Hebbinghaus, Holger"]
[Result "1/2-1/2"]
[WhiteElo "1771"]
[BlackElo "2272"]
[PlyCount "66"]
[EventDate "2022.07.??"]
[EventType "swiss"]
[EventRounds "9"]
[EventCountry "GER"]

1. d4 d5 2. c4 e6 3. Nc3 Nf6 4. cxd5 exd5 5. Bg5 Be7 6. e3 h6 7. Bh4 O-O 8. Qc2
Re8 9. Bd3 c6 10. Nf3 Ne4 11. Bxe7 Qxe7 12. O-O Bf5 13. a3 Nd7 14. b4 a6 15.
Na4 Bg4 16. Ne1 Nd6 17. h3 Be6 18. Nc5 Nb6 19. Nf3 Nbc4 20. Nd2 Nxd2 21. Qxd2
Bf5 22. Bxf5 Nxf5 23. Rfb1 Nd6 24. a4 f6 25. Qd1 Qf7 26. Qg4 Rad8 27. Qf3 Re7
28. Qg3 g5 29. Qf3 Qg6 30. Kh2 Kh7 31. Rd1 h5 32. g3 Rde8 33. Rac1 Rd8 1/2-1/2

[Event "34. Kieler Open 2022"]
[Site "Kiel"]
[Date "2022.08.05"]
[Round "9.11"]
[White "Ghadimi, Mohammed Reza"]
[Black "Peglau, Charis"]
[Result "1-0"]
[WhiteElo "2147"]
[BlackElo "1870"]
[PlyCount "73"]
[EventDate "2022.??.??"]

1. e4 c6 2. Nf3 d5 3. exd5 cxd5 4. Ne5 Nc6 5. Bb5 Bd7 6. Nxd7 Qxd7 7. d4 Nf6 8.
c3 e6 9. O-O Bd6 10. Nd2 O-O 11. f4 a6 12. Bd3 b5 13. Qe2 b4 14. Nf3 a5 15. Ne5
Qc7 16. Rf3 bxc3 17. bxc3 Rfc8 18. Bd2 Rab8 19. Be1 Ba3 20. Rh3 g6 21. Bh4 Nh5
22. Rf1 Ng7 23. Ng4 Be7 24. Nf6+ Bxf6 25. Bxf6 Ne8 26. Bg5 Qd7 27. f5 Ne7 28.
f6 Nf5 29. Bxf5 exf5 30. Re3 Nd6 31. Re7 Qb5 32. Qe5 Ne4 33. Rxf7 Re8 34. Rg7+
Kh8 35. Rxh7+ Kxh7 36. Qc7+ Kg8 37. Qg7# 1-0

[Event "34. Kieler Open 2022"]
[Site "Kiel"]
[Date "2022.08.05"]
[Round "9.12"]
[White "Ziaeian, Shahin"]
[Black "Basener, Winfried"]
[Result "1-0"]
[WhiteElo "1877"]
[BlackElo "2078"]
[PlyCount "111"]
[EventDate "2022.??.??"]

1. d4 Nf6 2. Nc3 d5 3. Bf4 e6 4. Nb5 Na6 5. e3 c6 6. Nc3 Nb8 7. Bd3 b6 8. Qf3
Ba6 9. O-O-O Bxd3 10. Rxd3 b5 11. g4 b4 12. Nce2 Nbd7 13. g5 Ne4 14. Qg2 Qa5
15. Kb1 b3 16. axb3 Qe1+ 17. Ka2 Nxf2 18. Nc3 Nxd3 19. cxd3 Qh4 20. Nf3 Qh5 21.
Ne2 f6 22. Ng3 Qf7 23. e4 Be7 24. h4 O-O 25. Rf1 a5 26. h5 a4 27. b4 dxe4 28.
g6 hxg6 29. hxg6 Qxg6 30. dxe4 e5 31. Bd2 f5 32. exf5 Rxf5 33. Nxe5 Rxe5 34.
dxe5 a3 35. Bc3 axb2+ 36. Kxb2 Qe6 37. Ra1 Rxa1 38. Kxa1 Nxe5 39. Nh5 Bf6 40.
Nxf6+ Qxf6 41. Qe2 Qd6 42. Qxe5 Qd7 43. Kb2 Kf8 44. Qd4 Qb7 45. Qd6+ Kf7 46.
Kb3 Kg8 47. Qd8+ Kh7 48. Qf8 Kh6 49. Qxg7+ Qxg7 50. Bxg7+ Kxg7 51. Kc4 Kf7 52.
Kc5 Ke7 53. Kxc6 Kd8 54. Kb7 Kd7 55. b5 Kd6 56. Ka7 1-0

[Event "34. Kieler Open 2022"]
[Site "Kiel"]
[Date "2022.08.05"]
[Round "9.14"]
[White "Schalla, Dieter"]
[Black "Ehrig, Leon Chris"]
[Result "1/2-1/2"]
[WhiteElo "2023"]
[BlackElo "1832"]
[PlyCount "44"]
[EventDate "2022.??.??"]

1. c4 e5 2. g3 Nc6 3. Bg2 Nf6 4. Nc3 Bc5 5. e3 d5 6. cxd5 Nb4 7. d3 Nbxd5 8.
Nge2 O-O 9. O-O c6 10. d4 exd4 11. Nxd4 Bg4 12. Qb3 Qd7 13. Nxd5 cxd5 14. Bd2
Rfe8 15. Rac1 Bb6 16. Nf3 Ne4 17. Bc3 Qf5 18. Nh4 Qg5 19. Nf3 Qh5 20. Nd4 Bxd4
21. exd4 Ng5 22. f4 Nf3+ 1/2-1/2

[Event "34. Kieler Open 2022"]
[Site "Kiel"]
[Date "2022.08.05"]
[Round "9.15"]
[White "Link, Oliver"]
[Black "Malinowsky, Levi"]
[Result "1/2-1/2"]
[WhiteElo "2022"]
[BlackElo "1814"]
[PlyCount "104"]
[EventDate "2022.??.??"]

1. e4 c5 2. Nf3 e6 3. c3 Nc6 4. d4 d5 5. e5 Qb6 6. Bd3 Bd7 7. O-O f6 8. Re1
fxe5 9. dxe5 g6 10. Nbd2 Bg7 11. c4 O-O-O 12. Nb3 d4 13. Bf4 Nh6 14. Ng5 Rdf8
15. Qd2 Ng4 16. Nf3 Qb4 17. Qc1 a5 18. Rb1 a4 19. Na1 g5 20. Bg3 h5 21. Qxg5
Bh6 22. Qxh5 Rfg8 23. Nc2 Qa5 24. Bg6 Ne7 25. Nh4 Nxg6 26. Nxg6 Be8 27. Qxg4
Rxg6 28. Qe2 Bc6 29. Na3 Qd8 30. Qd3 Qg8 31. Nb5 Kd7 32. Na7 Bf4 33. Nxc6 Bxg3
34. fxg3 bxc6 35. b4 Rgh6 36. h3 Rg6 37. bxc5 Rxg3 38. Qxd4+ Kc8 39. Rb8+ Kxb8
40. Qd6+ Ka7 41. Qc7+ Ka8 42. Qxc6+ Kb8 43. Rb1+ Rb3 44. axb3 a3 45. Qb6+ Kc8
46. c6 Rh7 47. Qa6+ Kb8 48. Qxa3 Ra7 49. Qd6+ Kc8 50. Rf1 Rf7 51. Ra1 Rf1+ 52.
Rxf1 Qxg2+ 1/2-1/2

[Event "34. Kieler Open 2022"]
[Site "Kiel"]
[Date "2022.08.05"]
[Round "9.16"]
[White "Helms, Finn"]
[Black "Braeutigam, Katerina"]
[Result "1/2-1/2"]
[WhiteElo "1973"]
[BlackElo "1781"]
[PlyCount "128"]
[EventDate "2022.??.??"]

1. e4 c6 2. d4 d5 3. Nc3 dxe4 4. Nxe4 Bf5 5. Ng3 Bg6 6. Nf3 Nd7 7. h4 h6 8. h5
Bh7 9. Bd3 Bxd3 10. Qxd3 e6 11. Bf4 Ngf6 12. O-O-O Be7 13. Ne4 Nxe4 14. Qxe4
Nf6 15. Qd3 Qd5 16. c4 Qe4 17. Qxe4 Nxe4 18. Be3 Rd8 19. Ne5 O-O 20. g4 c5 21.
f3 cxd4 22. Bxd4 Bc5 23. Bxc5 Nxc5 24. Kc2 f6 25. Ng6 Rfe8 26. b4 Nd7 27. Rhe1
e5 28. f4 Kf7 29. fxe5 Nxe5 30. Nxe5+ fxe5 31. Rxd8 Rxd8 32. Rxe5 Rd4 33. Rc5
Kf6 34. Rc7 b5 35. cxb5 Rxb4 36. Rxa7 Rxb5 37. Ra6+ Ke5 38. Rg6 Rb7 39. a4 Kd4
40. a5 Kc4 41. a6 Rd7 42. Rb6 Ra7 43. Kb2 Kc5 44. Rg6 Kb5 45. Kc3 Rd7 46. Re6
Kc5 {(=)} 47. Rg6 Kb5 48. a7 Rxa7 49. Kd4 Rd7+ 50. Ke5 Kc5 51. Ke6 Rb7 52. g5
hxg5 53. Rxg5+ Kd4 54. Kf5 Kd5 55. Kg6+ Ke6 56. Ra5 Rc7 57. Ra6+ Ke5 58. Ra8
Kf4 59. Ra5 Kg4 60. Ra4+ Kg3 61. Rb4 Rd7 {(=)} 62. Rb8 Kg4 63. Rh8 Rd5 64. Kxg7
Rxh5 1/2-1/2

[Event "34. Kieler Open 2022"]
[Site "Kiel"]
[Date "2022.08.05"]
[Round "9.17"]
[White "Lippmann, Kai"]
[Black "Sauer, Tim"]
[Result "0-1"]
[WhiteElo "1952"]
[BlackElo "1731"]
[PlyCount "96"]
[EventDate "2022.??.??"]

1. c4 c6 2. Nc3 d5 3. cxd5 cxd5 4. d4 Nf6 5. g3 Nc6 6. Nf3 e6 7. Bg2 Bd6 8. O-O
O-O 9. Bg5 h6 10. Bxf6 Qxf6 11. a3 Qe7 12. Rc1 f5 13. Nh4 Kh7 14. Nb5 Bb8 15.
Qd3 Bd7 16. Nf3 a6 17. Nc3 Na5 18. Nd2 Bd6 19. f3 Nc6 20. Kh1 g6 21. e4 dxe4
22. fxe4 e5 23. Nd5 Qg7 24. Nc4 Be7 25. Ncb6 Rad8 26. Nxe7 Qxe7 27. d5 Nd4 28.
Nxd7 Qxd7 29. Rce1 Qg7 30. Bh3 f4 31. gxf4 exf4 32. Rc1 Nc6 33. Qc3 Ne5 34. Qc7
f3 35. Be6 b5 36. Qxg7+ Kxg7 37. Rc7+ Kf6 38. Rfc1 Nc4 39. Bh3 Ke5 40. Re7+ Kd4
41. Rd1+ Ke3 42. Re1+ {(=)} Kd2 43. Rb1 Rd6 44. Bf1 Ne3 45. b3 f2 46. a4 Kc2
47. axb5 Kxb1 48. bxa6 Nxf1 0-1

[Event "34. Kieler Open 2022"]
[Site "Kiel"]
[Date "2022.08.05"]
[Round "9.18"]
[White "Schubert, Christian"]
[Black "Browning, Rebecca"]
[Result "0-1"]
[WhiteElo "1764"]
[BlackElo "1938"]
[PlyCount "124"]
[EventDate "2022.??.??"]

1. d4 d5 2. Bf4 Nf6 3. Nf3 c6 4. c3 Bf5 5. e3 e6 6. Bd3 Bg6 7. Bxg6 hxg6 8. Qb3
Qc8 9. h3 Nbd7 10. Nbd2 Be7 11. Rc1 O-O 12. O-O Ne8 13. c4 Bd6 14. Bxd6 Nxd6
15. c5 Nf5 16. Qc3 Qc7 17. b4 Rfe8 18. Nh2 e5 19. dxe5 Nxe5 20. Nhf3 {(=)} Rad8
21. Nxe5 Rxe5 22. Nf3 Re4 23. Rfd1 Rde8 24. Nd4 Qe5 25. a3 Nxd4 26. Rxd4 Qg5
27. Rcd1 f6 28. Rxe4 Rxe4 29. Rd4 Qe5 30. Qd3 Kf7 31. Kf1 Ke6 32. Ke2 Rxd4 33.
Qxd4 Qe4 34. f3 Qc2+ 35. Qd2 Qc4+ 36. Qd3 Qa2+ 37. Kf1 g5 38. e4 Qa1+ 39. Kf2
Qb2+ 40. Kf1 Qe5 41. exd5+ Qxd5 42. Qe3+ {(=)} Qe5 43. Ke2 Kd5 44. Qxe5+ Kxe5
45. Ke3 f5 46. a4 f4+ 47. Kd3 a5 48. bxa5 Kd5 49. Kc2 Kxc5 50. Kc3 g6 51. Kb3
Kd4 52. Kb4 Kd5 53. a6 c5+ 54. Kb5 bxa6+ 55. Kxa6 c4 56. Kb7 c3 57. a5 c2 58.
a6 c1=Q 59. a7 Qc6+ 60. Kb8 Qb6+ 61. Ka8 Kc6 62. g4 Qb7# 0-1

[Event "34. Kieler Open 2022"]
[Site "Kiel"]
[Date "2022.08.05"]
[Round "9.19"]
[White "Herrmann, Arthur"]
[Black "Peglau, Dora"]
[Result "1/2-1/2"]
[WhiteElo "1563"]
[BlackElo "1920"]
[PlyCount "35"]
[EventDate "2022.??.??"]

1. e4 c6 2. d4 d5 3. Nc3 dxe4 4. Nxe4 Nd7 5. Ng5 Ngf6 6. Bd3 e6 7. N1f3 Bd6 8.
Qe2 h6 9. Ne4 Nxe4 10. Qxe4 Qc7 11. O-O b6 12. c4 Bb7 13. Qe2 O-O 14. Qe4 Nf6
15. Qh4 Nh7 16. Qe4 Nf6 17. Qh4 Nh7 18. Qe4 1/2-1/2

[Event "34. Kieler Open 2022"]
[Site "Kiel"]
[Date "2022.08.05"]
[Round "9.20"]
[White "Strebel, Michael"]
[Black "Menke, Raphael Wilhelm"]
[Result "1-0"]
[WhiteElo "1909"]
[BlackElo "1459"]
[PlyCount "179"]
[EventDate "2022.??.??"]

1. f4 Nh6 2. Nf3 g6 3. e3 d5 4. Be2 Bg7 5. O-O Be6 6. d3 Nd7 7. Ng5 O-O 8. Nd2
c5 9. c4 Nb6 10. Nxe6 fxe6 11. Nf3 Qd6 12. e4 dxe4 13. dxe4 e5 14. fxe5 Qxd1
15. Rxd1 Ng4 16. Ng5 Nxe5 17. Ne6 Rfc8 18. Nxg7 Kxg7 19. b3 Nc6 20. Bb2+ e5 21.
Bg4 Rc7 22. Be6 a5 23. Rd6 a4 24. Bxe5+ Nxe5 25. Rxb6 axb3 26. Rxb3 Ra6 27. Bd5
b6 28. a3 Rca7 29. Kf2 h6 30. h3 g5 31. Ke2 h5 32. g3 Kh7 33. Kd2 Kg7 34. h4 g4
35. Ke3 Kg6 36. Kf4 Kf6 37. a4 Ng6+ 38. Ke3 Kg7 39. Rba3 Kf6 40. Rf1+ Kg7 41.
Bc6 Re7 42. Rf5 Kh6 43. Ra1 Ne5 44. Bb5 Ra8 45. Rd1 Re6 46. Rd5 Nf3 47. Rxh5+
Kg6 48. Bd7 Rf6 49. Bxg4 Rxa4 50. Bxf3 Ra3+ 51. Ke2 Rfxf3 52. Rdg5+ Kf6 53.
Rf5+ Rxf5 54. Rxf5+ Kg6 55. Rf3 Ra4 56. Rc3 Kh5 57. Kf3 Ra1 58. Kf4 Rf1+ 59.
Ke5 Kg6 60. Kd5 Re1 61. Rb3 Rd1+ 62. Ke5 Kf7 63. Rxb6 Rd3 64. g4 Rd4 65. h5
Rxc4 66. Rb7+ Kg8 67. h6 Rc1 68. g5 Rg1 69. Kf6 Rf1+ 70. Kg6 Rf8 71. Rc7 Re8
72. Rxc5 Rf8 73. e5 Re8 74. Rc6 Rf8 75. Rd6 Re8 76. e6 Kh8 77. Kf7 Rg8 78. e7
Kh7 79. g6+ Kxh6 80. g7+ Kh7 81. Rh6+ Kxh6 82. Kxg8 Kg6 83. e8=Q+ Kf6 84. Qf7+
Ke5 85. Kf8 Ke4 86. g8=Q Ke5 87. Qe6+ Kd4 88. Qgg4+ Kd3 89. Qec4+ Kd2 90. Qge2#
1-0

[Event "34. Kieler Open 2022"]
[Site "Kiel"]
[Date "2022.08.05"]
[Round "9.21"]
[White "Shtompel, Yuriy"]
[Black "Riechenberg, Sebastian"]
[Result "1-0"]
[WhiteElo "1897"]
[BlackElo "1606"]
[PlyCount "49"]
[EventDate "2022.??.??"]

1. e4 e5 2. Nf3 Nc6 3. Bc4 Nf6 4. d3 Bc5 5. O-O d6 6. h3 h6 7. c3 Bb6 8. Re1
O-O 9. b4 a6 10. a4 Re8 11. Nbd2 d5 12. exd5 Nxd5 13. Qb3 Be6 14. Ne4 Nf6 15.
Nxf6+ Qxf6 16. Be3 Bxh3 17. Bxf7+ Qxf7 18. Qxf7+ Kxf7 19. gxh3 Bxe3 {(=)} 20.
Rxe3 Kf6 21. Rae1 Rad8 22. b5 axb5 23. axb5 Ne7 24. Nxe5 Nd5 25. Rf3+ 1-0

[Event "34. Kieler Open 2022"]
[Site "Kiel"]
[Date "2022.08.05"]
[Round "9.22"]
[White "Horn, Peter"]
[Black "Werner, Tom"]
[Result "1/2-1/2"]
[WhiteElo "2132"]
[BlackElo "1757"]
[PlyCount "78"]
[EventDate "2022.??.??"]

1. Nf3 Nf6 2. g3 g6 3. c4 c5 4. Bg2 Nc6 5. Nc3 Bg7 6. d4 cxd4 7. Nxd4 O-O 8.
O-O a6 9. b3 Ne8 10. Be3 Nc7 11. Rc1 Rb8 12. Qd2 Nxd4 13. Bxd4 Bxd4 14. Qxd4 d6
15. Rfd1 Ne6 16. Qe3 Bd7 17. Nd5 Bc6 18. c5 Bxd5 19. Rxd5 Nc7 20. Rd4 Ne6 21.
Rd3 Rc8 22. cxd6 exd6 23. Bxb7 Rxc1+ 24. Qxc1 Nc5 25. Qxc5 dxc5 26. Rxd8 Rxd8
27. Bxa6 Ra8 28. Bc4 Rxa2 29. Kg2 Kg7 30. h4 Kf6 31. Kf3 Ra1 32. Ke4 Rd1 33.
Bd3 Ke6 34. Bc4+ Ke7 35. Bd3 Kd6 36. Kf4 Rf1 37. f3 Rh1 38. Bc4 f6 39. Bg8 h6
1/2-1/2

[Event "34. Kieler Open 2022"]
[Site "Kiel"]
[Date "2022.08.05"]
[Round "9.23"]
[White "Akhmatovski, Maxim"]
[Black "Callsen, Niklas"]
[Result "0-1"]
[WhiteElo "1842"]
[BlackElo "2107"]
[PlyCount "78"]
[EventDate "2022.??.??"]

1. c4 Nf6 2. g3 g6 3. Bg2 Bg7 4. Nc3 O-O 5. e4 Nc6 6. Nge2 e5 7. O-O d6 8. Rb1
a5 9. a3 Nd4 10. d3 a4 11. f4 c6 12. Nxd4 exd4 13. Ne2 Nd7 14. f5 Nc5 15. g4
Be5 16. Ng3 g5 17. f6 Bxf6 18. Nh5 Be5 19. h4 h6 20. Qf3 f6 21. Ng3 Bxg3 22.
Qxg3 Qe7 23. Bd2 Nd7 24. hxg5 hxg5 25. Rf2 Ne5 26. Bh3 Be6 27. Rbf1 c5 28. Kg2
Kg7 29. Rf5 Bxf5 30. gxf5 Nf7 31. Bg4 Rh8 32. Bd1 Rh4 33. Bxg5 fxg5 34. f6+
Qxf6 35. Rxf6 Kxf6 36. Kf2 Ne5 37. Ke2 Rah8 38. Bxa4 Rh2+ 39. Kd1 R8h3 0-1

[Event "34. Kieler Open 2022"]
[Site "Kiel"]
[Date "2022.08.05"]
[Round "9.24"]
[White "Riechenberg, Maximilian"]
[Black "Dittmann, Hans-Adolf"]
[Result "0-1"]
[WhiteElo "1771"]
[BlackElo "2063"]
[PlyCount "62"]
[EventDate "2022.??.??"]

1. e4 c5 2. Nf3 Nc6 3. c4 g6 4. Nc3 Bg7 5. g3 d6 6. Bg2 Bg4 7. h3 Bxf3 8. Qxf3
e6 9. d3 Nd4 10. Qd1 Ne7 11. Be3 O-O 12. O-O Nec6 13. Bxd4 Bxd4 14. Kh2 Kh8 15.
f4 f5 16. Qd2 Rf7 17. Rae1 Qf6 18. Nb5 Rd8 19. Nxd4 Nxd4 20. e5 Qe7 21. exd6
Qxd6 22. Re5 g5 23. Rfe1 gxf4 24. Qxf4 {(=)} Rg7 25. Qh4 Rg6 26. b4 b6 27. bxc5
bxc5 28. Qf4 Rdg8 29. Rb1 Rxg3 30. Bf1 Nf3+ 31. Kh1 Rg1# 0-1

[Event "34. Kieler Open 2022"]
[Site "Kiel"]
[Date "2022.08.05"]
[Round "9.25"]
[White "Schiller, Thomas"]
[Black "Doeserich, Juergen"]
[Result "0-1"]
[WhiteElo "1723"]
[BlackElo "1945"]
[PlyCount "54"]
[EventDate "2022.??.??"]

1. e4 c5 2. c3 Nf6 3. e5 Nd5 4. d4 cxd4 5. Qxd4 e6 6. Nf3 Nc6 7. Qe4 f5 8. exf6
Nxf6 9. Qc2 Qc7 10. Na3 a6 11. Be2 b5 12. Be3 Bb7 13. Qd2 Be7 14. Rd1 O-O 15.
h3 Rad8 16. Bd3 e5 17. Ng5 h6 18. h4 Na5 19. Nh3 Ng4 20. b4 Bxg2 21. Rg1 Bf3
22. bxa5 Nxe3 23. Qxe3 e4 24. Nxb5 axb5 25. Be2 Bf6 26. Rc1 Qh2 27. Rg3 Bxh4
0-1

[Event "34. Kieler Open 2022"]
[Site "Kiel"]
[Date "2022.08.05"]
[Round "9.26"]
[White "Gombert, Reiner"]
[Black "Sturm, Simon"]
[Result "1-0"]
[WhiteElo "1915"]
[BlackElo "1569"]
[PlyCount "97"]
[EventDate "2022.??.??"]

1. e4 g6 2. d4 Bg7 3. Nc3 d6 4. Bg5 h6 5. Be3 a6 6. a4 b6 7. Bd3 Bb7 8. Nge2
Nd7 9. O-O e5 10. f4 Ngf6 11. Kh1 O-O 12. Qd2 Re8 13. fxe5 dxe5 14. Bxh6 exd4
15. Nxd4 Nc5 16. Bxg7 Kxg7 17. Qf2 Ncxe4 18. Nxe4 Bxe4 19. Rae1 c5 20. Bxe4
Qxd4 21. Qxd4 cxd4 22. Bxa8 Rxa8 23. Rf4 Rc8 24. Ref1 Rc6 25. Kg1 g5 26. Rxd4
Rxc2 27. Rd6 Ng4 28. Rxb6 Ne3 29. Re1 Nxg2 30. Re5 f6 31. Re7+ Kg6 32. Ree6 Kh5
33. Rxf6 Nf4 34. Rb3 Ne2+ 35. Kf1 Nf4 36. h3 Rc1+ 37. Kf2 Rc2+ 38. Ke1 a5 39.
Rf5 Kh4 40. Rxa5 Nxh3 41. Ra8 Nf4 42. Rh8+ Kg4 43. a5 Rc1+ 44. Kd2 Ra1 45. Ra3
Rb1 46. Kc2 Re1 47. a6 Ne6 48. a7 Nc7 49. a8=Q 1-0